000
00462nam a2200181Ia 4500
008
090124s9999 xx 000 0 und d
082
_b
31099
100
_a
भावे पु. भा.
245
_a
कथामंथन
250
_a
0
260
_c
1992
300
_a
214
600
_a
भावे पु. भा.
630
_a
कथामंथन
700
_a
भावे पु. भा.
730
_a
कथामंथन
942
_c
BOOK
999
_c
97167
_d
97167